Zpráva o 27. společné schůzi Sněmovny lidu a Sněmovny národů 5. volební období. 18., 19., 20., 23. a 24. dubna 1990

Gespeichert in:
Bibliographische Detailangaben
Format: Buch
Sprache:Tschechisch
Veröffentlicht: Praha Federální shromáždění ČSFR 1990
Tags: Tag hinzufügen
Keine Tags, Fügen Sie das erste Tag hinzu!

MARC

LEADER 00000nam a2200000 4500
001 c034251
005 20250606091321.9
041 0 |a cze 
044 |a CZ 
245 1 0 |a Zpráva o 27. společné schůzi Sněmovny lidu a Sněmovny národů  |b 5. volební období. 18., 19., 20., 23. a 24. dubna 1990 
264 1 |a Praha  |b Federální shromáždění ČSFR  |c 1990 
300 |a 2 zv.